Kashmir and central Asia (Record no. 1079378)

MARC details
000 -LEADER
fixed length control field 00756nam a2200289Ia 4500
003 - CONTROL NUMBER IDENTIFIER
control field OSt
005 - DATE AND TIME OF LATEST TRANSACTION
control field 20221006144252.0
008 - FIXED-LENGTH DATA ELEMENTS--GENERAL INFORMATION
fixed length control field 221006b |||||||| |||| 00| 0 eng d
037 ## - SOURCE OF ACQUISITION
Terms of availability Textual
040 ## - CATALOGING SOURCE
Original cataloging agency EASL
Transcribing agency EASL
Language of cataloging eng
041 ## - LANGUAGE CODE
Source of code eng
Language code of text/sound track or separate title eng
100 ## - MAIN ENTRY--PERSONAL NAME
Personal name BAMZAI P N K
245 #0 - TITLE STATEMENT
Title Kashmir and central Asia
260 ## - PUBLICATION, DISTRIBUTION, ETC.
Place of publication, distribution, etc. New Delhi
Name of publisher, distributor, etc. Light & Life Pub.
Date of publication, distribution, etc. 1980
300 ## - PHYSICAL DESCRIPTION
Extent 251p.
Dimensions cm.
490 ## - SERIES STATEMENT
Volume/sequential designation Gen
650 ## - SUBJECT ADDED ENTRY--TOPICAL TERM
Topical term or geographic name entry element Commercial - relations
9 (RLIN) 651331
650 ## - SUBJECT ADDED ENTRY--TOPICAL TERM
Topical term or geographic name entry element Gen
650 ## - SUBJECT ADDED ENTRY--TOPICAL TERM
Topical term or geographic name entry element Geographical - Perspective
9 (RLIN) 651332
942 ## - ADDED ENTRY ELEMENTS (KOHA)
Classification part U4441.4v, M0
Koha item type Textual
Source of classification or shelving scheme Colon Classification (CC)
Holdings
Withdrawn status Lost status Source of classification or shelving scheme Damaged status Not for loan Home library Current library Date acquired Cost, normal purchase price Serial Enumeration / chronology Total Checkouts Full call number Barcode Date last seen Cost, replacement price Price effective from Koha item type
    Colon Classification (CC)     Department of East Asian Studies Library Department of East Asian Studies Library 2022-10-06 100.00 Gen   U4441.4v M0 EA0788829 2022-10-06 100.00 2022-10-06 Textual
Copyright @ Delhi University Library System